| 000 | 00806nam a2200253 a 4500 | ||
|---|---|---|---|
| 001 | 57706 | ||
| 003 | BD-RJUL | ||
| 005 | 20211209080538.0 | ||
| 008 | 161211s1972 nyu b 001 0 eng d | ||
| 020 | _a0394317092 | ||
| 035 | _a(BD-RJUL)57830 | ||
| 040 |
_aDLC _cDLC _dOClW-H _dm.c. _dBD-RJUL _beng |
||
| 041 | _aeng | ||
| 082 |
_223 _a300.72 _bGLR 1972 |
||
| 100 | 1 | 0 |
_aGlazer, Myron. _9171379 |
| 245 | 1 | 4 |
_aThe research adventure : _bpromise and problems of field work / _cMyron Glazer ; with a foreword by Peter I. Rose. |
| 260 |
_aNew York : _bRandom House, _cc1972. |
||
| 300 |
_axviii, 203 p. ; _c21 cm. |
||
| 504 | _aIncludes index and Bibliography: p. 193-199. | ||
| 650 | 0 |
_aSocial sciences _xMethodology. _9170806 |
|
| 700 |
_aRose, Peter I. _9171380 |
||
| 942 |
_2ddc _cBK |
||
| 999 |
_c57706 _d57706 |
||